Výbuch mohol spôsobiť hcijaký amatér! pyrotechnik o explózii pri košickom McDonaldˇs

Bibliographic Details
Format: Article
Language:Slovak
PhysicalDescription:Fotogr.
ISSN:1335-4655
Subjects:

MARC

LEADER 00000nab a2200000 ar4500
001 vtls010424835
003 SK-MaSNL
005 20260304214137.0
008 120522c20111231xo mr|p|||||||000 b|slo
038 |a SNSK 
040 |b slo  |c SNSK  |e AACR2 
041 |a slo 
044 |a xo  |c SK 
080 |a 640.432  |x (437.671)  |2 2001 
080 |a 614.83  |2 2001 
080 |a 623.956  |2 2001 
245 0 0 |a Výbuch mohol spôsobiť hcijaký amatér!  |b pyrotechnik o explózii pri košickom McDonaldˇs 
300 |b Fotogr. 
610 2 7 |a McDonald's (reštaurácia : Košice, Slovensko)  |2 SNKKA  |9 1089639 
650 0 7 |a výbuchy  |2 SNKPH  |9 29936 
650 0 7 |a nástražné systémy  |2 SNKPH  |9 1091764 
651 7 |a Košice (Slovensko)  |2 SNKPHgeo  |9 18694 
773 0 |t Nový Čas  |g Roč. 21, č. 301 (31.12.2011), s. 8  |x 1335-4655 
852 |a SNSK  |b KIS3GCP 
999 |c 3139713  |d 3141643